|
|
|
|
| LEADER |
00000nam0a2200000 4500 |
| 001 |
40914 |
| 005 |
20231031013517.0 |
| 010 |
|
|
|a 5940150063
|
| 035 |
|
|
|a (RuTPU)RU\TPU\book\41978
|
| 090 |
|
|
|a 40914
|
| 100 |
|
|
|a 20020528d2001 m y0rusy50 ca
|
| 101 |
1 |
|
|a rus
|
| 102 |
|
|
|a RU
|
| 105 |
|
|
|a y z 001zy
|
| 200 |
1 |
|
|a Как говорить с кем угодно и о чем угодно. Психология успешного общения. Технологии эффективных коммуникаций
|f Л. Лаундес
|
| 210 |
|
|
|a Москва
|c Добрая книга
|d 2001
|
| 215 |
|
|
|a 400 с.
|
| 320 |
|
|
|a Библиогр.: с. 382-384.
|
| 610 |
1 |
|
|a психология
|
| 610 |
1 |
|
|a социальная психология
|
| 610 |
1 |
|
|a общение
|
| 610 |
1 |
|
|a общение речевое
|
| 610 |
1 |
|
|a коммуникации
|
| 610 |
1 |
|
|a эффективность
|
| 686 |
|
|
|a Ю953
|v LBC/SL-A
|2 rubbk
|
| 700 |
|
1 |
|a Лаундес
|b Л.
|g Лейл
|
| 801 |
|
1 |
|a RU
|b 63413507
|c 20020528
|g PSBO
|
| 801 |
|
2 |
|a RU
|b 63413507
|c 20120517
|g PSBO
|
| 900 |
|
|
|a Психология массовой коммуникации
|
| 900 |
|
|
|a Речевая коммуникация
|
| 900 |
|
|
|a Современные технологии общения
|
| 942 |
|
|
|c BK
|